Krátky životopis a diela majstra Alexandra Buznu

Životopisný článok o akad. maliarovi A. Buznovi ("Povolaním je kňaz, spočiatku samouk, od r. 1904 študoval v Budapešti. Jeho diela sa dostali aj do budapeštianskeho umeleckého salónu. Medzi najznámejšie patria portréty slovenských biskupov, venované Spolku sv. Vojtecha, portrét prezidenta Eduar...

Full description

Bibliographic Details
Main Author: Fendtová, Edita (Author)
Format: Article
Language:Slovak
Subjects:

MARC

LEADER 00000nab a22000001a 4500
001 vtls008997149
003 SK-MaSNL
005 20260303065759.0
008 070607d19371017xo |r|p|||| |000 b|slo
015 |a SNBRRBVU1918-1938 
038 |a SNKBUCL 
038 |a SNKBUVU 
040 |a SNKBUVU  |b slo  |c SNKBUCL  |e AACR2 
041 0 |a slo 
044 |a xo  |c SK 
080 |a 75.071.1  |2 1997 
080 |a 929 Buzna, Alexander  |2 1997 
100 1 |a Fendtová, Edita  |4 aut  |9 1066299 
245 1 0 |a Krátky životopis a diela majstra Alexandra Buznu  |c Edita Fendtová 
520 |a Životopisný článok o akad. maliarovi A. Buznovi ("Povolaním je kňaz, spočiatku samouk, od r. 1904 študoval v Budapešti. Jeho diela sa dostali aj do budapeštianskeho umeleckého salónu. Medzi najznámejšie patria portréty slovenských biskupov, venované Spolku sv. Vojtecha, portrét prezidenta Eduarda Beneša, oltárne obrazy a i. Veľa obrazov vytvoril v prostredí slovenskej dediny") 
600 1 7 |a Buzna, Alexander,  |d 1868-1945  |2 MM  |9 185561 
655 7 |a profily  |2 MM  |9 341977 
773 0 |t Ľudová politika  |g Roč. 13, č. 234 (17.10.1937), s. 4 
852 |a SNK  |b KIS3GCP 
910 |a snkrbvumm 
958 |a VY 
958 |a BX 
999 |c 1752670  |d 1754600